| 000 | 00933nam a2200265Ia 4500 | ||
|---|---|---|---|
| 003 | OSt | ||
| 005 | 20220923211150.0 | ||
| 006 | a|||||r|||| 00| 0 | ||
| 007 | ta | ||
| 008 | Pun | ||
| 020 |
_a8187654058 (hbk) _c590 |
||
| 024 | _a319,748 | ||
| 037 |
_b777, 27/02/2017, H.K. Prakashan _cTextual |
||
| 040 |
_aARTS _cARTS _bPun |
||
| 041 |
_2Pun _aPun |
||
| 082 | _aO153,6(U8)x, Q7 | ||
| 100 |
_aਅਜੀਤ ਕੌਰ, ਂਚ. _9158999 |
||
| 245 | 0 |
_aਪੰਜਾਬੀ ਸਖ਼ਰਨਾਮਾ ਸਾਹਿਤ _b Fੈਲੀ-ਵਿਗਿਆਨਕ ਵਿFਲੇFਣ |
|
| 260 |
_aਦਿੱਲੀ _b ਮਨਪ੍ਰੀਤ ਪ੍ਰਕਾFਨ _c2017 |
||
| 300 |
_a371ਪ੍ਰ0 _ccm. |
||
| 650 | _a ਪੰਜਾਬੀ ਨਿਬੰਧ | ||
| 650 |
_aਸ਼ਚਅਹ਼ਲਜ _9159000 |
||
| 942 |
_hO153,6(U8)x, Q7 _cTEXL _2CC |
||
| 999 |
_c296212 _d296212 |
||